| 000 | 00791nam a22002057a 4500 | ||
|---|---|---|---|
| 005 | 20220921141636.0 | ||
| 008 | 220921s2022 enk |||fr|||| 00| 0 eng d | ||
| 020 | _a9781839107542 | ||
| 040 |
_aCO-BoUCM _bspa _cDeissy Garcia _dDeissy Garcia |
||
| 041 | 0 | _aeng | |
| 245 | 1 | 0 |
_aHandbook on oil and international relations _cedición Roland Dannreuther, Wojciech Ostrowski |
| 260 |
_aCheltenham _bEdward Elgar Publishing _c2022 |
||
| 300 | _axxiii, 464 páginas | ||
| 504 | _aIncluye referencias bibliográficas e índices | ||
| 650 | 0 |
_941111 _aIndustria del petróleo _xAspectos políticos |
|
| 650 | 0 |
_aRelaciones internacionales _98042 |
|
| 700 |
_9130461 _aDannreuther, Roland _eeditor |
||
| 942 |
_2DEWEY _a7 _cLIBRO _e1 _h338.27282 _mH236 _n0 |
||
| 999 |
_c321687 _d321687 |
||